00759nam a22002057a 4500999001900000005001700019010001300036020002700049035001300076037003000089082000600119100001800125245007800143260003300221270006800254300003800322700002000360942002000380952015300400 c167731d16773120190918102405.0 aB-730048 a9780143447047c175.00  aB-730048 adplbPenguin Random House aS aMurty, Sudha  aHow the sea become salty / cby Sudha Murty; illustrated by Priya Kuriyan aGurgaonbPuffin Books c2019 a7th Floor, Infinity Tower C, DLF Cyber City, bGurgaon e122002 axi, 33p.c20cm (pbk)bcol. illus. aKuriyan, Priya  2ddccCHmMURhS 001040708FICaZLSbZLSd2019-09-18eGift /Eng /13.09.2019g175.00l2oS MURpB-730048r2025-11-15 00:00:00s2025-11-08t1v175.00w2019-09-18yCH